00650nam a2200229Ia 4500003000900000008004100009040001300050040001300063041000800076100002300084245002700107250001200134260001200146260000900158300001100167300001200178490002000190490000600210942000700216999001700223952018000240IT-RoPAU120407s9999 xx 000 0 und d aIT-RoPAU cIT-RoPAU aita aRainer Maria Rilke aLe storie del buon Dio aMilano  aRizzoli c1978 a179 p. c15,5 cm aIl ramo d’oro v1 cBK c27369d27369 00102ddc406830_00000000000000071aPAULUSbPAULUSd2012-04-11l0o830.0r2012-04-11 00:00:00w2012-04-11yBKzInserito da: In data: n.d. fondo: Via A.Severo 56 Progr:23849